La ciudad impura: salud, tuberculosis y cultura en Buenos Aires, 1870-1950

保存先:
書誌詳細
第一著者: Armus, Diego (著者)
フォーマット: 図書
言語:スペイン語
出版事項: Buenos Aires Edhasa 2007
版:1a. ed
主題:
タグ: タグ追加
タグなし, このレコードへの初めてのタグを付けませんか!

MARC

LEADER 00000nam a2200000 a 4500
001 UCG5225
003 CL-VaPUC
008 110113e20070900AG |||||||||||||||||spa|d
020 |a 9789876280020 
082 0 4 |a 982.05  |b ARM  |2 21 
100 0 |a Armus, Diego  |e author  |9 554847 
245 1 3 |a La ciudad impura: salud, tuberculosis y cultura en Buenos Aires, 1870-1950 
250 |a 1a. ed 
300 |a 416 p 
942 |c BK 
945 |d 20110113 00:00:00  |a dcastane 
260 |a Buenos Aires  |b Edhasa  |c 2007 
650 7 |a HISTORIA DE ARGENTINA SIGLO 19 Y 20  |2 CL-VaPUC  |9 554848 
650 7 |a SISTEMAS DE SALUD  |2 CL-VaPUC  |9 351700 
650 7 |a ENFERMEDAD  |2 CL-VaPUC  |9 374111 
651 0 |a Argentina  |9 254888 
651 7 |a BUENOS AIRES  |2 CL-VaPUC  |9 255286 
583 |a last modification  |c 20110113 00:00:00  |k Rodrigo Vera 
999 |c 343789  |d 343787 
952 |0 0  |1 0  |4 0  |6 982_050000000000000_ARM_2007  |7 0  |8 A  |9 441382  |a BIBHIS  |b BIBEDU  |d 2019-11-22  |i 4746481  |l 3  |m 1  |o 982.05 ARM 2007  |p 4746481  |r 2025-01-20  |s 2022-06-23  |w 2019-11-22  |y BK  |k HIS